Szczegóły MARC21

Dzieci z zaburzeniami łączonymi : ADHD, trudności w nauce, zespół Aspergera, zespół Touretta, depresja dwubiegunowa i inne zaburzenia /

003 -Nazwa inst., której nr kontr. jest w polu 001 [,]
    • @
    • Nazwa instytucji, której n kontrolny jest w polu 001
    • NUKAT
005 -DATA I CZAS OSTATNIEJ MODYFIKACJI [,]
    • @
    • pole kontrolne
    • 20241231094954.0
020 -Międzynarod. znormalizowany nr książki - ISBN [ , ]
    • a
    • Numer ISBN
    • 9788360215432 Find
040 -Instytucja sporządzająca opis [ , ]
    • a
    • Instytucja, która sporządziła opis (NP)
    • WR U/hb
    • c
    • Instytucja, która sporządziła rekord (NP)
    • WR U/hb
    • d
    • Instytucja, która zmodyfikowała rekord (P)
    • WR U/dl
    • d
    • Instytucja, która zmodyfikowała rekord (P)
    • WR U/MWs
    • d
    • Instytucja, która zmodyfikowała rekord (P)
    • KR U/APs
    • d
    • Instytucja, która zmodyfikowała rekord (P)
    • SZCZ 010/KW
    • d
    • Instytucja, która zmodyfikowała rekord (P)
    • GD 27/LKs
041 -Język dokumentu [1, ]
    • a
    • Język tekstu (P)
    • polski
    • h
    • Język tekstu oryginalnego i/lub pośredniego (P)
    • angielski
942 -Rodzaj dokumentu [ , ]
    • c
    • Rodzaj dokumentu
    • Książka
100 -Hasło główne - nazwa osobowa [1, ]
    • a
    • Nazwa osobowa (NP)
    • Kutscher, Martin L.
    • 9
    • KHW
    • 471351
240 -Tytuł ujednolicony [1,0]
    • a
    • Tytuł ujednolicony
    • Kids in the syndrome mix of ADHD, LD, Asperger's, Tourette's, bipolar, and more!
    • l
    • Język tekstu
    • (pol.)
    • 9
    • KHW
    • 471355
245 -Strefa tytułu i oznaczenia odpowiedzialności [1,0]
    • a
    • Tytuł
    • Dzieci z zaburzeniami łączonymi : Find
    • b
    • Ciąg dalszy tytułu (NP)
    • ADHD, trudności w nauce, zespół Aspergera, zespół Touretta, depresja dwubiegunowa i inne zaburzenia / Find
    • c
    • Pozostałe elementy strefy tytułu i oznaczenia odpowiedzialności (NP)
    • Martin L. Kutscher [oraz] Tony Attwood, Robert R. Wolff ; [tł. Robert Waliś].
260 -Strefa adresu wydawniczego [ , ]
    • a
    • Miejsce wydania (P)
    • Warszawa :
    • b
    • Nazwa wydawcy (P)
    • "Liber",
    • c
    • Data wydania (P)
    • 2007.
300 -Strefa opisu fizycznego [ , ]
    • a
    • Określenie formy książki i/lub objętość (NP)
    • 252 s. ;
    • c
    • Format (NP)
    • 21 cm.
336 -Typ zawartości [ , ]
    • a
    • Termin opisujący typ zawartości
    • Tekst
    • b
    • Kod określający zawartość
    • txt
    • 2
    • Źródło (terminu i kodu)
    • rdacontent
337 -Typ mediów [ , ]
    • a
    • Tryb odtwarzania
    • Bez urządzenia pośredniczącego
    • b
    • Kod typu mediów
    • n
    • 2
    • Źródło (terminu i kodu)
    • rdamedia
338 -Typ/rodzaj nośnika [ , ]
    • a
    • Hasło opisujące typ nośnika
    • Wolumin
    • b
    • Kod typu nośnika
    • nc
    • 2
    • Źródło (terminu i kodu)
    • rdacarrier
490 -Strefa serii i książki wielotomowej - forma nie do wyszukiwania [1, ]
    • a
    • Tytuł (P)
    • Biblioteka Rodzica i Pedagoga Find
830 -Hasło dodatkowe serii i opisu książki wielotomowej - tytuł ujednolicony/tytuł [ ,0]
    • a
    • Tytuł ujednolicony/tytuł (NP)
    • Biblioteka Rodzica i Pedagoga
    • 9
    • KHW
    • 471354
080 -Uniwersalna Klasyfikacja Dziesiętna [ , ]
    • 2
    • Identyfikator wydania tablic
    • UDC-PO58
    • a
    • Symbol klasyfikacji
    • 616.8-009
    • b
    • Dopowiedzenie
    • Zaburzenia nerwowe. Zaburzenia zdolności ruchowej, siły napięcia mięśniowego. Ruchy mimowolne lub nieskoordynowane. Zanik mięśni. Zaburzenia czucia. Zaburzenia odruchów. Stwardnienie rozsiane.
    • x
    • Poddział wspólny
    • -053.2
    • b
    • Dopowiedzenie
    • Dzieci ogólnie.
    • x
    • Poddział wspólny
    • (083.1)
    • b
    • Dopowiedzenie
    • Przepisy. Instrukcje. Poradniki praktyczne.
080 -Uniwersalna Klasyfikacja Dziesiętna [ , ]
    • 2
    • Identyfikator wydania tablic
    • UDC-PO58
    • a
    • Symbol klasyfikacji
    • 159.942
    • b
    • Dopowiedzenie
    • Emocje. Uczucia. Nastroje. Nastrój obniżony (depresja), nastrój wzmożony (euforia, ekstaza, mania), labilność.
    • x
    • Poddział wspólny
    • -053.2
    • b
    • Dopowiedzenie
    • Dzieci ogólnie.
    • x
    • Poddział wspólny
    • (083.1)
    • b
    • Dopowiedzenie
    • Przepisy. Instrukcje. Poradniki praktyczne.
080 -Uniwersalna Klasyfikacja Dziesiętna [ , ]
    • 2
    • Identyfikator wydania tablic
    • UDC-PO58
    • a
    • Symbol klasyfikacji
    • 159.92
    • b
    • Dopowiedzenie
    • Rozwój psychiczny. Zdolności umysłowe.
    • x
    • Poddział wspólny
    • -053.2
    • b
    • Dopowiedzenie
    • Dzieci ogólnie.
    • x
    • Poddział wspólny
    • (083.1)
    • b
    • Dopowiedzenie
    • Przepisy. Instrukcje. Poradniki praktyczne.
650 -Hasło przedmiotowe [ ,7]
    • a
    • Hasło przedmiotowe
    • Zaburzenia zachowania u dzieci.
    • 2
    • Źródło terminu
    • kaba
    • 9
    • KHW
    • 137232
650 -Hasło przedmiotowe [ ,7]
    • a
    • Hasło przedmiotowe
    • Zespół zaburzeń uwagi.
    • 2
    • Źródło terminu
    • kaba
    • 9
    • KHW
    • 165987
650 -Hasło przedmiotowe [ ,7]
    • a
    • Hasło przedmiotowe
    • Dzieci mające trudności w uczeniu się.
    • 2
    • Źródło terminu
    • kaba
    • 9
    • KHW
    • 106924
650 -Hasło przedmiotowe [ ,7]
    • a
    • Hasło przedmiotowe
    • Zespół Tourette'a u dzieci.
    • 2
    • Źródło terminu
    • kaba
    • 9
    • KHW
    • 147072
650 -Hasło przedmiotowe [ ,7]
    • a
    • Hasło przedmiotowe
    • Dzieci
    • x
    • Określnik rzeczowy
    • psychopatologia.
    • 2
    • Źródło terminu
    • kaba
    • 9
    • KHW
    • 106864
650 -Hasło przedmiotowe [ ,7]
    • a
    • Hasło przedmiotowe
    • Zespół Aspergera u dzieci.
    • 2
    • Źródło terminu
    • kaba
    • 9
    • KHW
    • 171256
650 -Hasło przedmiotowe [ ,7]
    • a
    • Hasło przedmiotowe
    • Autyzm wczesnodziecięcy.
    • 2
    • Źródło terminu
    • kaba
    • 9
    • KHW
    • 102166
650 -Hasło przedmiotowe [ ,7]
    • a
    • Hasło przedmiotowe
    • Psychoza maniakalno-depresyjna.
    • 2
    • Źródło terminu
    • kaba
    • 9
    • KHW
    • 127003
650 -Hasło przedmiotowe [ ,7]
    • a
    • Hasło przedmiotowe
    • Psychoza maniakalno-depresyjna u dzieci.
    • 2
    • Źródło terminu
    • kaba
    • 9
    • KHW
    • 177697
980 -Symbol UKD [ , ]
    • a
    • UKD
    • 616.8-009:159.942:159.92]-053.2(083.1)
700 -Hasło dodatkowe - nazwa osobowa [1, ]
    • a
    • Nazwa osobowa (NP)
    • Attwood, Tony Find
    • d
    • Daty biograficzne (NP)
    • (1952- ).
    • 9
    • KHW
    • 59897
700 -Hasło dodatkowe - nazwa osobowa [1, ]
    • a
    • Nazwa osobowa (NP)
    • Wolff, Robert R. Find
    • 9
    • KHW
    • 471352
700 -Hasło dodatkowe - nazwa osobowa [1, ]
    • a
    • Nazwa osobowa (NP)
    • Waliś, Robert Find
    • d
    • Daty biograficzne (NP)
    • (1979- ).
    • e
    • Określenie rodzaju współpracy
    • Tł.
    • 9
    • KHW
    • 20372
710 -Hasło dodatkowe - nazwa ciała zbiorowego [2, ]
    • a
    • Nazwa ciała zbiorowego lub nazwa geograficzna jako pierwszy element (NP)
    • Wydawnictwo K. E. Liber.
    • 4
    • Kod relacji
    • pbl
    • 9
    • KHW
    • 68718
920 -ISBN [ , ]
    • a
    • ISBN
    • 978-83-60215-43-2 Find
Status udost. Numer inwentarzowy Data inwentaryzacji Lokalizacja
-3WM.76032008-02-15BG
-3WM.76042008-02-15BG
-3WM.76052008-02-15BG
1Z.1095202007-10-12BG
1H.319452018-11-16BNS
-3H.319462018-11-16BNS